Fundamentals of electronics commerce (Record no. 6030)
[ view plain ]
| 000 -LEADER | |
|---|---|
| fixed length control field | 00429nam a2200169Ia 4500 |
| 008 - FIXED-LENGTH DATA ELEMENTS--GENERAL INFORMATION | |
| fixed length control field | 230711s9999||||xx |||||||||||||| ||und|| |
| 020 ## - INTERNATIONAL STANDARD BOOK NUMBER | |
| International Standard Book Number | 978-93-80027-75-3 |
| 041 ## - LANGUAGE CODE | |
| Language code of text/sound track or separate title | ENG |
| 082 ## - DEWEY DECIMAL CLASSIFICATION NUMBER | |
| Classification number | 658 |
| Item number | PA-F |
| 100 ## - MAIN ENTRY--PERSONAL NAME | |
| Personal name | Pandey,Adesh K |
| 245 #0 - TITLE STATEMENT | |
| Title | Fundamentals of electronics commerce |
| 250 ## - EDITION STATEMENT | |
| Edition statement | 1st Ed. |
| 260 ## - PUBLICATION, DISTRIBUTION, ETC. | |
| Date of publication, distribution, etc. | 2009 |
| Place of publication, distribution, etc. | New Delhi |
| Name of publisher, distributor, etc. | S.K Kataria & Sons |
| 300 ## - PHYSICAL DESCRIPTION | |
| Extent | 191p. |
| 650 ## - SUBJECT ADDED ENTRY--TOPICAL TERM | |
| Topical term or geographic name entry element | UNIVESITY BUSNIESS SCHOOL |
| 942 ## - ADDED ENTRY ELEMENTS (KOHA) | |
| Koha item type | Book |
| Withdrawn status | Lost status | Damaged status | Not for loan | Collection | Home library | Current library | Date acquired | Cost, normal purchase price | Inventory number | Total checkouts | Full call number | Barcode | Date last seen | Price effective from | Koha item type |
|---|---|---|---|---|---|---|---|---|---|---|---|---|---|---|---|
| MRSPTU Central Library | MRSPTU Central Library | 150.00 | 4442517 | 658 PA-F | 33144 | 08/17/2023 | 08/17/2023 | Book | |||||||
| MRSPTU Central Library | MRSPTU Central Library | 150.00 | 4442517 | 658 PA-F | 33145 | 09/04/2023 | 08/17/2023 | Book | |||||||
| MRSPTU Central Library | MRSPTU Central Library | 150.00 | 4442517 | 658 PA-F | 33146 | 08/17/2023 | 08/17/2023 | Book | |||||||
| MRSPTU Central Library | MRSPTU Central Library | 150.00 | 4442517 | 658 PA-F | 33147 | 08/17/2023 | 08/17/2023 | Book | |||||||
| MRSPTU Central Library | MRSPTU Central Library | 150.00 | 4442517 | 658 PA-F | 33148 | 08/17/2023 | 08/17/2023 | Book | |||||||
| MRSPTU Central Library | MRSPTU Central Library | 150.00 | 4442517 | 658 PA-F | 33149 | 08/17/2023 | 08/17/2023 | Book | |||||||
| MRSPTU Central Library | MRSPTU Central Library | 150.00 | 4442517 | 658 PA-F | 33150 | 08/17/2023 | 08/17/2023 | Book | |||||||
| MRSPTU Central Library | MRSPTU Central Library | 150.00 | 4442517 | 658 PA-F | 33151 | 08/17/2023 | 08/17/2023 | Book | |||||||
| MRSPTU Central Library | MRSPTU Central Library | 150.00 | 4442517 | 658 PA-F | 33152 | 08/17/2023 | 08/17/2023 | Book | |||||||
| MRSPTU Central Library | MRSPTU Central Library | 150.00 | 4442517 | 658 PA-F | 33153 | 08/17/2023 | 08/17/2023 | Book | |||||||
| MRSPTU Central Library | MRSPTU Central Library | 150.00 | 4442517 | 658 PA-F | 33154 | 08/17/2023 | 08/17/2023 | Book |
